Los antiguos egipcios : (Record no. 192185)

MARC details
000 -LEADER
campo de control de longitud fija 01296nam a2200349 i 4500
001 - NÚMERO DE CONTROL
campo de control 192185
003 - IDENTIFICADOR DE NÚMERO DE CONTROL
campo de control SpMaBN
005 - FECHA Y HORA DE LA ÚLTIMA TRANSACCIÓN
campo de control 20240128062952.0
008 - DATOS DE LONGITUD FIJA--INFORMACIÓN GENERAL
campo de control de longitud fija 221113s1991 sp | |||| ||spa
016 7# - NÚMERO DE CONTROL DE UNA AGENCIA BIBLIOGRÁFICA NACIONAL
Número de control del registro bimoBNE19921990470 [
Fuente SpMaBN]
017 ## - NÚMERO DE COPYRIGHT O DE DEPÓSITO LEGAL
Número de copyright o de depósito legal B 28567-1992
Agencia que asigna Oficina Depósito Legal Barcelona
020 ## - NÚMERO INTERNACIONAL ESTÁNDAR DEL LIBRO
Número Internacional Estándar del Libro 8401240301
035 ## - NÚMERO DE CONTROL DEL SISTEMA
Número de control de sistema (OCoLC)434676268
040 ## - FUENTE DE CATALOGACIÓN
Centro catalogador/agencia de origen SpMaBN
Lengua de catalogación spa
Centro/agencia transcriptor SpMaBN
Normas de descripción rdc
080 ## - NÚMERO DE LA CLASIFICACIÓN DECIMAL UNIVERSAL
Número de la Clasificación Decimal Universal 930.85(32)
100 1# - ENTRADA PRINCIPAL--NOMBRE DE PERSONA
Nombre de persona Rachewiltz, Boris de.
9 (RLIN) 94879
Término indicativo de función/relación Autor
245 14 - MENCIÓN DEL TÍTULO
Título Los antiguos egipcios :
Resto del título [imágenes, escenas y documentos de la vida cotidiana] /
Nombre de parte o sección de la obra Boris de Rachewiltz ; [traducción de Lorenzo Cortina].
250 ## - MENCION DE EDICION
Mención de edición Primera edición: enero, 1991
260 ## - PUBLICACIÓN, DISTRIBUCIÓN, ETC.
Lugar de publicación, distribución, etc. Barcelona :
Nombre del editor, distribuidor, etc. Plaza & Janés,
Fecha de publicación, distribución, etc. 1991.
300 ## - DESCRIPCIÓN FÍSICA
Extensión 224 páginas, [32] páginas de láminas (blanco y negro) ;
Dimensiones 22 cm.
490 1# - MENCIÓN DE SERIE
Mención de serie Saber más
500 ## - NOTA GENERAL
Nota general Índice
504 ## - NOTA DE BIBLIOGRAFÍA, ETC.
Nota de bibliografía, etc. Bibliografía: páginas [211]-224.
651 #7 - PUNTO DE ACCESO ADICIONAL DE MATERIA--NOMBRE GEOGRÁFICO
Nombre geográfico Egipto-
Subdivisión general Civilización.
9 (RLIN) 8138
700 1# - ENTRADA AGREGADA--NOMBRE PERSONAL
9 (RLIN) 40943
Nombre de persona Cortina, Lorenzo
Término indicativo de función/relación Traductor
830 1# - PUNTO DE ACCESO ADICIONAL DE SERIE-TÍTULO UNIFORME
Título uniforme Saber más
9 (RLIN) 193560
852 4# - LOCALIZACIÓN
Ubicación ES-MaACL
Número de control de estantería N-8129
Sublocalización o colección R. 152369
Ubicación en estantería Depósito J
Donativo/Legado Donación: José Lázaro García
itemnumber 199467
903 ## - NOMBRE PERSONAL DE DONANTE
9 234219
a Lázaro García, José
e Donante
942 ## - ELEMENTOS DE ENTRADA SECUNDARIOS (KOHA)
Tipo de ítem Koha Libro impreso
Suprimir en OPAC No
Holdings
Estatus retirado Estado de pérdida Fuente del sistema de clasificación o colocación Estado de daño No para préstamo Biblioteca de origen Biblioteca actual Ubicación en estantería Fecha de adquisición Fuente de adquisición Total de préstamos Signatura topográfica completa Código de barras Visto por última vez Tipo de ítem Koha
    Clasificación decimal universal     Biblioteca del Ateneo de Madrid Biblioteca del Ateneo de Madrid Depósito J 13/11/2022 Donación   N-8129 101206428 23/02/2023 Libro impreso